000 00315pam a2200133a 44500
008 230405s2022 xxu||||| |||| 00| 0 eng d
041 _aENG
100 _aDR.S.B.BHISE
245 _aPHARMACOVIGILANANCE ( DR.S.B.BHISE)
250 _a2
260 _aPUNE
_bNIRALI PRAKASHAN
_c2022
300 _a4.3
906 _a2687
999 _c268126
_d268126